La razón de la oscuridad en la noche : Edgar Allan Poe y cómo se forjó la ciencia en los Estados Unidos /
Shranjeno v:
| Glavni avtor: | |
|---|---|
| Drugi avtorji: | |
| Format: | Knjiga |
| Jezik: | španščina |
| Izdano: |
Barcelona, España :
Anagrama,
2024, c2024
|
| Serija: | (Biblioteca de la Memoria ;
49) |
| Teme: | |
| Oznake: |
Brez oznak, prvi označite!
|
MARC
| LEADER | 00000nam^a2200000^a^4500 | ||
|---|---|---|---|
| 001 | 000626578 | ||
| 005 | 20260114000000.0 | ||
| 009 | 20260310134037.372 | ||
| 020 | |a 978-84-339-2728-6 | ||
| 037 | |a Acervo ITESO - Biblioteca | ||
| 041 | |a ESP | ||
| 082 | |a 810. 97305 |b TRE | ||
| 100 | |a Tresch, John |e (autor) | ||
| 245 | 1 | 3 | |a La razón de la oscuridad en la noche : |b Edgar Allan Poe y cómo se forjó la ciencia en los Estados Unidos / |c J. Tresch ; tr. por D. Alou. |
| 264 | 4 | |a Barcelona, España : |b Anagrama, |c 2024, c2024 | |
| 300 | |a 522 p. | ||
| 336 | |a texto |b txt |2 rdacontenido | ||
| 337 | |a sin mediación |b n |2 rdamedio | ||
| 338 | |a volumen |b nc |2 rdasoporte | ||
| 440 | 1 | |a (Biblioteca de la Memoria ; |v 49) | |
| 500 | |a Traducción de: The Reason for the Darkness of the Night | ||
| 521 | |a FIL 2025 DIA | ||
| 545 | 0 | |a Edgar Allan Poe (1809-1849), cuentista, poeta, crítico y editor norteamericano, es uno de los padres del relato corto en su país y fundador de las literaturas de terror psicológico, precursor de los relatos fantásticos, policíacos y de misterio; renovador de la novela gótica. Entre sus narraciones cortas más importantes se cuentan La caída de la casa Usher, William Wilson, El corazón delator, El gato negro, Un descenso al Maelström, Los crímenes de la calle Morgue y La carta robada. Su obra poética tuvo una gran acogida entre los escritores franceses contemporáneos a él, los simbolistas; en esta línea, El cuervo, es uno de sus poemas más valorados. Aunque en la actualidad su obra en conjunto es considerada genial, en su época fue duramente criticada. Sus textos de crítica literaria siguen teniendo vigencia. | |
| 649 | |a XX | ||
| 650 | |a Escritores Norteamericanos - |x Biografías | ||
| 650 | |a Ciencia - |z EUA - |x Historia | ||
| 650 | |a Literatura Policíaca y de Misterio - |z EUA - |x Historia y Crítica | ||
| 650 | |a Literatura Norteamericana - |x Historia y Crítica | ||
| 650 | |a Literatura Norteamericana - |y Siglo XIX | ||
| 650 | |a Poe, Edgar Allan - |x Tema Principal | ||
| 700 | |a Alou, Damià |e (traducción) | ||
| 910 | |a Fondo General | ||
| 920 | |a Impresos - Libros | ||
| 930 | |a Colección General | ||
| 940 | |a Literatura | ||
| 905 | |a 101 | ||
| 901 | |a 626579-10 |b IT1 |c LIT |i C191848 |u 20260114 | ||
| 902 | |a https://opac.biblio.iteso.mx/vufind/Record/000626578 | ||